[Event "European Championship (blitz) 2015"]
[Site "Minsk BLR"]
[Date "2015.12.18"]
[Round "16"]
[White "Savchenko, Boris"]
[Black "Bocharov, Dmitry"]
[Result "1-0"]
[WhiteElo "2612"]
[BlackElo "2558"]
[PlyCount "105"]
[EventDate "2015.12.18"]

1. e4 d6 2. d4 Nf6 3. Nc3 g6 4. Be2 Bg7 5. Be3 Nbd7 6. Nf3 a6 7. a4 b6 8. Nd2
Bb7 9. O-O O-O 10. f4 c5 11. e5 cxd4 12. Bxd4 Ne8 13. Bf3 dxe5 14. fxe5 Bxf3
15. Nxf3 Nc7 16. Qe2 Ne6 17. Rad1 Re8 18. Bf2 Qc8 19. Nd5 Qc6 20. b3 b5 21. a5
Rac8 22. Nb4 Qb7 23. Nxa6 Qxa6 24. Rxd7 Qxa5 25. Nd4 Qa6 26. Re1 Nxd4 27. Rxd4
Qc6 28. c4 bxc4 29. bxc4 Red8 30. Rxd8+ Rxd8 31. e6 Qxe6 32. Qxe6 fxe6 33. Rxe6
Kf7 34. Re2 Bd4 35. Re4 e5 36. Bxd4 exd4 37. Kf2 d3 38. Ke1 d2+ 39. Kd1 Kf6 40.
c5 Rc8 41. Rc4 Ke6 42. Rc2 Rc6 43. Kxd2 Kd5 44. Ke3 Rxc5 45. Rxc5+ Kxc5 46. Kf4
Kd6 47. Kg5 Ke6 48. Kh6 Kf7 49. Kxh7 Kf6 50. Kh6 Kf5 51. g3 g5 52. Kh5 Kf6 53.
g4 1-0

[Event "European Championship (blitz) 2015"]
[Site "Minsk BLR"]
[Date "2015.12.18"]
[Round "17"]
[White "Savchenko, Boris"]
[Black "Ragger, Markus"]
[Result "1/2-1/2"]
[WhiteElo "2612"]
[BlackElo "2687"]
[PlyCount "110"]
[EventDate "2015.12.18"]

1. e4 e5 2. Nf3 Nc6 3. Bb5 a6 4. Ba4 Nf6 5. O-O Be7 6. Re1 b5 7. Bb3 O-O 8. c3
Na5 9. Bc2 d5 10. exd5 e4 11. Bxe4 Nxe4 12. Rxe4 Bb7 13. d3 Bxd5 14. Re1 Re8
15. Nbd2 c5 16. Ne4 f6 17. Be3 Rc8 18. b3 c4 19. bxc4 bxc4 20. Bd4 Bf8 21. Ng3
Rxe1+ 22. Nxe1 Nc6 23. Be3 cxd3 24. Nxd3 Bc4 25. Nf4 Qxd1+ 26. Rxd1 Bxa2 27.
Ne4 Ne5 28. Bd4 Ng6 29. Nd3 Bc4 30. Nb2 Bd5 31. f3 Nf4 32. Kf2 Rb8 33. c4 Bxe4
34. fxe4 Ne6 35. Bc3 Rb3 36. Na4 Ra3 37. Ra1 Bc5+ 38. Nxc5 Rxa1 39. Nxe6 Rc1
40. Bd2 Rxc4 41. Ke3 h5 42. h4 Ra4 43. Nf4 Ra3+ 44. Kd4 Rg3 45. Be1 Rg4 46. g3
Kf7 47. Ke3 g5 48. hxg5 Rxg5 49. Kf3 Rb5 50. Ke3 a5 51. Kd4 a4 52. Kc4 Re5 53.
Kd3 a3 54. Bc3 a2 55. Kc4 Rxe4+ 1/2-1/2

[Event "European Championship (blitz) 2015"]
[Site "Minsk BLR"]
[Date "2015.12.18"]
[Round "18"]
[White "Ragger, Markus"]
[Black "Savchenko, Boris"]
[Result "1/2-1/2"]
[WhiteElo "2687"]
[BlackElo "2612"]
[PlyCount "115"]
[EventDate "2015.12.18"]

1. d4 e6 2. Nf3 Nf6 3. c4 c5 4. d5 b5 5. Bg5 b4 6. e4 d6 7. dxe6 Bxe6 8. e5
dxe5 9. Qxd8+ Kxd8 10. Nxe5 Bd6 11. Nf3 Nbd7 12. Nbd2 Kc7 13. O-O-O h6 14. Bh4
g5 15. Bg3 Bxg3 16. fxg3 Ng4 17. Re1 Bf5 18. Be2 Rhe8 19. Rhf1 Bg6 20. Bd1 Ne3
21. Rf2 Nxd1 22. Rxd1 a5 23. Nf1 Nb6 24. b3 a4 25. Kb2 Ra5 26. Re1 Rea8 27.
bxa4 Rxa4 28. Kc1 Rxa2 29. Rxa2 Rxa2 30. Ne5 b3 31. Nxg6 Ra1+ 32. Kd2 Rxe1 33.
Kxe1 b2 34. Nd2 fxg6 35. Kd1 Nxc4 36. Nb1 Kd6 37. Kc2 Ke5 38. Kd3 Nb6 39. Kc3
Nd5+ 40. Kxb2 Ne3 41. Kc3 Nxg2 42. Kc4 Ke4 43. Kxc5 Ne1 44. Kd6 Kf5 45. Nd2 g4
46. Nc4 h5 47. Kd5 Nf3 48. Ne3+ Kg5 49. Nf1 h4 50. gxh4+ Kxh4 51. Ke4 Kh3 52.
Kf4 Kh4 53. Ke3 Kh3 54. Kf4 Kh4 55. Ke3 Kg5 56. Ke4 Kh5 57. Kf4 Kh4 58. Ke3
1/2-1/2

[Event "European Championship (blitz) 2015"]
[Site "Minsk BLR"]
[Date "2015.12.18"]
[Round "19"]
[White "Bortnyk, Olexandr"]
[Black "Savchenko, Boris"]
[Result "0-1"]
[WhiteElo "2552"]
[BlackElo "2612"]
[PlyCount "46"]
[EventDate "2015.12.18"]

1. d4 g6 2. Nc3 Bg7 3. h4 c5 4. d5 h6 5. e4 d6 6. Be2 a6 7. a4 Nf6 8. h5 g5 9.
f4 gxf4 10. Bxf4 Qb6 11. a5 Qxb2 12. Na4 Qb4+ 13. Bd2 Qxe4 14. Nb6 Nxd5 15.
Nxa8 Nc6 16. Nf3 Nd4 17. Nxd4 Bxd4 18. Ra3 Rg8 19. Rf3 Rxg2 20. c3 Bg4 21. Kf1
Bxf3 22. Bxf3 Rf2+ 23. Kg1 Rxf3+ 0-1

[Event "European Championship (blitz) 2015"]
[Site "Minsk BLR"]
[Date "2015.12.18"]
[Round "20"]
[White "Savchenko, Boris"]
[Black "Bortnyk, Olexandr"]
[Result "1-0"]
[WhiteElo "2612"]
[BlackElo "2552"]
[PlyCount "101"]
[EventDate "2015.12.18"]

1. g3 d6 2. Bg2 g6 3. c4 e5 4. d4 Bg7 5. dxe5 dxe5 6. Qxd8+ Kxd8 7. Nc3 c6 8.
Nf3 Be6 9. Ng5 Bxc4 10. b3 Be6 11. Nxe6+ fxe6 12. Ne4 Nd7 13. Bh3 Ngf6 14. Ng5
Ke7 15. Ba3+ c5 16. Nxe6 Kf7 17. Nxg7 Kxg7 18. O-O-O Nb6 19. Bxc5 Ne4 20. Be3
Rhf8 21. f3 Nc3 22. Rd2 Nbd5 23. Bc5 Rf6 24. Kb2 Rc6 25. Bf2 a5 26. e4 Nf6 27.
Rc1 Nb5 28. Rxc6 bxc6 29. a4 Nc7 30. Bb6 Na6 31. Bxa5 Rb8 32. Rc2 c5 33. Ka3
Nb4 34. Rxc5 Nd3 35. Rc3 Nf2 36. Be6 g5 37. Bc7 Re8 38. Bf5 h5 39. a5 g4 40.
fxg4 N2xe4 41. Rc4 Nd2 42. Rc2 Nf3 43. g5 Nd5 44. Be4 Nd4 45. Rc5 Nxc7 46.
Rxc7+ Kf8 47. Rc5 Rb8 48. b4 Nb5+ 49. Rxb5 Rxb5 50. Ka4 Rb8 51. a6 1-0

[Event "European Championship (blitz) 2015"]
[Site "Minsk BLR"]
[Date "2015.12.18"]
[Round "21"]
[White "Savchenko, Boris"]
[Black "Zhigalko, Sergei"]
[Result "1-0"]
[WhiteElo "2612"]
[BlackElo "2655"]
[PlyCount "41"]
[EventDate "2015.12.18"]

1. g3 d5 2. Bg2 c6 3. Nf3 Bf5 4. c4 e6 5. O-O Nf6 6. cxd5 exd5 7. d3 Nbd7 8.
Nc3 Be7 9. e4 dxe4 10. dxe4 Nxe4 11. Nd4 Nxc3 12. bxc3 Bg6 13. Re1 O-O 14. Bxc6
Ne5 15. Bxb7 Rb8 16. Bg2 Bd6 17. Bf4 Qc7 18. Nc6 Rb5 19. Qd4 f6 20. Bxe5 fxe5
21. Qc4+ 1-0

[Event "European Championship (blitz) 2015"]
[Site "Minsk BLR"]
[Date "2015.12.18"]
[Round "22"]
[White "Zhigalko, Sergei"]
[Black "Savchenko, Boris"]
[Result "0-1"]
[WhiteElo "2655"]
[BlackElo "2612"]
[PlyCount "85"]
[EventDate "2015.12.18"]

1. e4 g6 2. d4 Bg7 3. Nc3 d6 4. Nf3 a6 5. Be3 b5 6. a4 b4 7. Ne2 Bb7 8. Ng3 Nd7
9. Bd3 e6 10. c3 a5 11. O-O Ne7 12. cxb4 axb4 13. Qd2 c5 14. dxc5 dxc5 15. Bb5
Bc6 16. Rfd1 Qb6 17. Bxc6 Qxc6 18. Rac1 Rd8 19. Bxc5 Qxa4 20. Bxb4 Nc6 21. Ba3
Nde5 22. Qe2 Nxf3+ 23. Qxf3 Rxd1+ 24. Rxd1 Nd4 25. Qd3 Qc2 26. Kf1 Qxd3+ 27.
Rxd3 Nc2 28. Bc5 Bf8 29. Rc3 Na1 30. Bd4 Rg8 31. b4 Kd7 32. Be5 Ke8 33. Rc8+
Kd7 34. Rc3 Ke8 35. Rc8+ Kd7 36. Rc7+ Kd8 37. Ra7 Nb3 38. Rxf7 Nd2+ 39. Ke2 Nc4
40. Bf6+ Kc8 41. b5 h5 42. Bd4 Nd6 43. Rf6 0-1

[Event "European Championship (blitz) 2015"]
[Site "Minsk BLR"]
[Date "2015.12.18"]
[Round "1"]
[White "Petrosian, Tigran L"]
[Black "Struneuski, Aliaksandr"]
[Result "1-0"]
[WhiteElo "2625"]
[BlackElo "1936"]
[PlyCount "57"]
[EventDate "2015.12.18"]

1. Nf3 d5 2. g3 e6 3. Bg2 f5 4. d3 Nf6 5. O-O Bd6 6. Nbd2 Nbd7 7. e4 fxe4 8.
dxe4 O-O 9. Qe2 e5 10. exd5 Nxd5 11. Ne4 Kh8 12. Rd1 N7f6 13. Nxd6 cxd6 14. c4
Ne7 15. Nxe5 Qb6 16. Be3 Qc7 17. Nf3 Bg4 18. h3 Bh5 19. Qd3 d5 20. g4 Bg6 21.
Qd4 dxc4 22. Qe5 Qxe5 23. Nxe5 Rac8 24. Bxb7 Rb8 25. Bg2 Rxb2 26. Nxc4 Rc2 27.
Ne5 a5 28. a4 Ne4 29. Nxg6+ 1-0

[Event "European Championship (blitz) 2015"]
[Site "Minsk BLR"]
[Date "2015.12.18"]
[Round "2"]
[White "Struneuski, Aliaksandr"]
[Black "Petrosian, Tigran L"]
[Result "0-1"]
[WhiteElo "1936"]
[BlackElo "2625"]
[PlyCount "33"]
[EventDate "2015.12.18"]

1. d4 d5 2. Nf3 c6 3. c4 Nf6 4. g3 g6 5. Bg2 Bg7 6. O-O O-O 7. Bf4 dxc4 8. Na3
Nd5 9. Nxc4 Nxf4 10. gxf4 Nd7 11. e4 Nf6 12. Re1 Nh5 13. Qd2 Bh6 14. Ng5 f6 15.
Nh3 Bxh3 16. Bxh3 Nxf4 17. Qd1 0-1

[Event "European Championship (blitz) 2015"]
[Site "Minsk BLR"]
[Date "2015.12.18"]
[Round "3"]
[White "Babikov, Ivan"]
[Black "Petrosian, Tigran L"]
[Result "0-1"]
[WhiteElo "2301"]
[BlackElo "2625"]
[PlyCount "51"]
[EventDate "2015.12.18"]

1. e4 d6 2. d4 g6 3. Nf3 Bg7 4. Bc4 Nf6 5. Qe2 O-O 6. O-O c6 7. e5 Nd5 8. Nc3
Be6 9. Nxd5 cxd5 10. Bd3 Bg4 11. Bf4 dxe5 12. Bxe5 Bxe5 13. dxe5 Nc6 14. c3
Bxf3 15. gxf3 e6 16. f4 Qh4 17. Qf3 f6 18. Qg3 Qxg3+ 19. fxg3 fxe5 20. Bb5 exf4
21. gxf4 Rf6 22. Rf2 Raf8 23. Raf1 a6 24. Bxc6 bxc6 25. Kg2 Rf5 26. h4 0-1

[Event "European Championship (blitz) 2015"]
[Site "Minsk BLR"]
[Date "2015.12.18"]
[Round "4"]
[White "Petrosian, Tigran L"]
[Black "Babikov, Ivan"]
[Result "1-0"]
[WhiteElo "2625"]
[BlackElo "2301"]
[PlyCount "63"]
[EventDate "2015.12.18"]

1. Nf3 d5 2. g3 Nf6 3. Bg2 Nbd7 4. O-O e5 5. d3 c6 6. c4 Be7 7. cxd5 cxd5 8.
Nc3 O-O 9. a3 b6 10. Nh4 Bb7 11. Nf5 h6 12. Bd2 a5 13. Rc1 Ra7 14. Nb5 Ra8 15.
d4 Rc8 16. Rxc8 Bxc8 17. dxe5 Nxe5 18. Nxe7+ Qxe7 19. Bc3 Rd8 20. Nd4 Qe8 21.
Qb3 Rd6 22. Rd1 Nc4 23. Nb5 Rd8 24. e3 Nxe3 25. Re1 d4 26. Bxd4 Be6 27. Qxe3
Qxb5 28. Bxf6 gxf6 29. Qxh6 Qxb2 30. Be4 f5 31. Qg5+ Qg7 32. Qxd8+ 1-0

[Event "European Championship (blitz) 2015"]
[Site "Minsk BLR"]
[Date "2015.12.18"]
[Round "5"]
[White "Petrosian, Tigran L"]
[Black "Kalinin, Michail Borisovich"]
[Result "1-0"]
[WhiteElo "2625"]
[BlackElo "2380"]
[PlyCount "84"]
[EventDate "2015.12.18"]

1. Nf3 d5 2. g3 Nf6 3. Bg2 b6 4. O-O Bb7 5. d3 e6 6. Nbd2 c5 7. c3 Be7 8. Qc2
Nc6 9. e4 h6 10. Re1 a6 11. a3 b5 12. exd5 Nxd5 13. Ne4 O-O 14. c4 bxc4 15.
dxc4 Nf6 16. Rd1 Qc7 17. Bf4 e5 18. Nxe5 Nxe5 19. Bxe5 Qxe5 20. Nxf6+ Bxf6 21.
Bxb7 Rab8 22. Rd7 Qxb2 23. Qxb2 Bxb2 24. Ra2 Bd4 25. Bxa6 Ra8 26. Bb5 Rfe8 27.
a4 Bc3 28. Kg2 Re6 29. Ra3 Bb4 30. Rf3 f6 31. Rfd3 Rae8 32. h4 R8e7 33. Rd8+
Kh7 34. h5 g6 35. hxg6+ Kxg6 36. Bd7 Re5 37. Bc6 Re2 38. Bf3 Ra2 39. Bd1 Re4
40. R8d7 Be1 41. Rf3 Rb2 42. Kf1 Rb1 1-0

[Event "European Championship (blitz) 2015"]
[Site "Minsk BLR"]
[Date "2015.12.18"]
[Round "6"]
[White "Kalinin, Michail Borisovich"]
[Black "Petrosian, Tigran L"]
[Result "0-1"]
[WhiteElo "2380"]
[BlackElo "2625"]
[PlyCount "80"]
[EventDate "2015.12.18"]

1. d4 d6 2. Nf3 g6 3. b3 Bg7 4. Bb2 Nf6 5. e3 O-O 6. c4 Nbd7 7. Nc3 c6 8. Be2
Re8 9. h3 e5 10. b4 a6 11. a4 Qb6 12. Qc2 exd4 13. Nxd4 Qxb4 14. Ba3 Qa5 15.
O-O Nc5 16. Nb3 Nxb3 17. Qxb3 Nd7 18. Bb4 Nc5 19. Qa3 Qc7 20. Rad1 a5 21. Bxc5
dxc5 22. Nb1 b6 23. Nd2 Bf5 24. Nf3 Rad8 25. Qb3 Rxd1 26. Rxd1 Rd8 27. Nh4
Rxd1+ 28. Qxd1 Be6 29. Qd3 Qd7 30. Qxd7 Bxd7 31. Bd3 b5 32. cxb5 cxb5 33. axb5
a4 34. b6 a3 35. Bb1 Be5 36. Nf3 Bb8 37. Ng5 c4 38. Ne4 Bf5 39. f3 Bxe4 40.
fxe4 c3 0-1

[Event "European Championship (blitz) 2015"]
[Site "Minsk BLR"]
[Date "2015.12.18"]
[Round "7"]
[White "Motylev, Alexander"]
[Black "Petrosian, Tigran L"]
[Result "0-1"]
[WhiteElo "2653"]
[BlackElo "2625"]
[PlyCount "140"]
[EventDate "2015.12.18"]

1. e4 d6 2. d4 g6 3. Nc3 Bg7 4. Bg5 a6 5. Nf3 b5 6. a4 b4 7. Nd5 Bb7 8. Bd3
Bxd5 9. exd5 Nf6 10. Bxf6 Bxf6 11. a5 c6 12. dxc6 Nxc6 13. c3 O-O 14. Qa4 Qc7
15. O-O bxc3 16. bxc3 Rfc8 17. Rfb1 Nd8 18. Rb3 Kg7 19. h4 Ne6 20. g3 Rcb8 21.
Rab1 Rxb3 22. Rxb3 Nd8 23. Qa3 Qd7 24. Rb6 Qg4 25. Be2 Ne6 26. Qc1 Bxh4 27. Qe3
Bf6 28. Rxa6 Rxa6 29. Bxa6 Qf5 30. Bc4 Qxa5 31. Bxe6 fxe6 32. c4 Kf7 33. c5 Qa8
34. Ng5+ Bxg5 35. Qxg5 Qd5 36. Qh4 h5 37. Qf4+ Ke8 38. Qe3 Kd7 39. Qc3 e5 40.
cxd6 exd6 41. dxe5 Qxe5 42. Qd3 Qf5 43. Qb3 d5 44. Qb7+ Kd6 45. Qb6+ Ke5 46.
Qc7+ Kd4 47. Qe7 Qb1+ 48. Kh2 Qe4 49. Qa3 Kc4 50. Qc1+ Kb3 51. Qc5 h4 52. gxh4
Qxh4+ 53. Kg2 Qe4+ 54. Kg3 d4 55. Qb5+ Kc3 56. Qa5+ Kc2 57. Qa2+ Kd1 58. Qa1+
Kd2 59. Qa5+ Ke2 60. Qa2+ Kf1 61. Qa1+ Ke2 62. Qa2+ Kd1 63. Qa1+ Kc2 64. Qa4+
Kc3 65. Qa5+ Kc4 66. Qa4+ Kc5 67. Qa5+ Kd6 68. Qd8+ Kc5 69. Qc7+ Qc6 70. Qa5+
Kd6 0-1

[Event "European Championship (blitz) 2015"]
[Site "Minsk BLR"]
[Date "2015.12.18"]
[Round "8"]
[White "Petrosian, Tigran L"]
[Black "Motylev, Alexander"]
[Result "1/2-1/2"]
[WhiteElo "2625"]
[BlackElo "2653"]
[PlyCount "238"]
[EventDate "2015.12.18"]

1. Nf3 d5 2. g3 Bg4 3. Bg2 Nd7 4. h3 Bh5 5. O-O c6 6. d3 e5 7. Nbd2 Bd6 8. e4
Ne7 9. b3 O-O 10. Bb2 Bc7 11. Qe1 Re8 12. Nh4 f6 13. Kh1 Nf8 14. Bf3 Bf7 15.
Bg2 Ne6 16. Nhf3 a5 17. a3 Bb6 18. Qe2 Qd7 19. b4 Qd6 20. c3 Red8 21. Rfd1 Bh5
22. Nb3 a4 23. Nbd2 Ba7 24. c4 Bd4 25. Rab1 Bxb2 26. Rxb2 Nd4 27. Qe3 dxc4 28.
Nxc4 Qc7 29. g4 Bf7 30. Nxd4 Rxd4 31. Nd2 Rad8 32. Nf3 R4d7 33. d4 Ng6 34. Rbd2
Bb3 35. Rc1 Qb6 36. Rc5 Nf4 37. dxe5 Nd3 38. exf6 gxf6 39. e5 Nxc5 40. exf6 Qc7
41. bxc5 Rxd2 42. Nxd2 Bf7 43. Nf3 Rd1+ 44. Ng1 Qd7 45. Qg5+ Bg6 46. Bf3 Qd3
47. Bxd1 Qxd1 48. Qe5 Qd5+ 49. Qxd5+ cxd5 50. Ne2 Kf7 51. g5 Ke6 52. f4 Kf5 53.
Kg2 Ke4 54. Nc3+ Kxf4 55. Nxd5+ Kxg5 56. Kf3 Kf5 57. Nc3 Kxf6 58. Nxa4 Ke5 59.
c6 bxc6 60. Ke3 Kd5 61. Nc3+ Kc4 62. Ne4 Kb3 63. Nc5+ Kxa3 64. Kd4 Kb4 65. h4
Kb5 66. Ne6 Bf5 67. Nc5 Kb4 68. Na6+ Ka5 69. Nc5 Kb5 70. Nb3 Kb6 71. Nc5 Kc7
72. Ke5 Bc2 73. Ne6+ Kd7 74. Nc5+ Ke7 75. Na6 Bd1 76. Nb4 Bf3 77. Nd3 Kf7 78.
Kf5 Bd5 79. Nc5 Ke7 80. Ke5 Kf7 81. Kf5 Kg7 82. Kg5 Bf7 83. Nd7 Be6 84. Nc5 h6+
85. Kf4 Kf6 86. Ne4+ Kg6 87. Nc5 Bd5 88. Nd3 Kf6 89. Nc5 Bf7 90. Nb7 Bg6 91.
Nc5 Bh7 92. Nd7+ Ke7 93. Ne5 c5 94. Ng4 h5 95. Ne3 Kf6 96. Nd5+ Ke6 97. Nc7+
Kd6 98. Ne8+ Ke7 99. Nc7 Bg8 100. Ke5 Bc4 101. Na8 Bf7 102. Nb6 Be6 103. Na4 c4
104. Nc3 Bf7 105. Ne4 Kd7 106. Kd4 Kc6 107. Kc3 Kd5 108. Nf6+ Kc5 109. Ne4+ Kc6
110. Nf6 Kb5 111. Ne4 Bg6 112. Ng5 Bf5 113. Nf3 Kc5 114. Ne5 Be6 115. Ng6 Bd5
116. Nf4 Bf7 117. Ne2 Kd5 118. Nf4+ Kc5 119. Ne2 Kd6 1/2-1/2

[Event "European Championship (blitz) 2015"]
[Site "Minsk BLR"]
[Date "2015.12.18"]
[Round "9"]
[White "Petrosian, Tigran L"]
[Black "Ragger, Markus"]
[Result "1-0"]
[WhiteElo "2625"]
[BlackElo "2687"]
[PlyCount "71"]
[EventDate "2015.12.18"]

1. Nf3 Nf6 2. g3 g6 3. Bg2 Bg7 4. d4 d5 5. c4 c6 6. cxd5 cxd5 7. Nc3 Nc6 8. Ne5
Bf5 9. Nxc6 bxc6 10. O-O Ne4 11. Nxe4 Bxe4 12. Bxe4 dxe4 13. Be3 O-O 14. Rc1
Qd5 15. Qa4 Qb5 16. Qc2 Rfd8 17. Rfd1 Rac8 18. Rd2 e6 19. Qxe4 c5 20. Rxc5 Qb4
21. Qc2 Rb8 22. b3 h5 23. h4 Qb7 24. Rc7 Qa6 25. Qc6 Qa5 26. d5 Rxd5 27. Rxd5
exd5 28. Qd7 Rf8 29. Bc5 Qe1+ 30. Kg2 Qxe2 31. Bxf8 Qe4+ 32. Kh2 Qf3 33. Bc5 g5
34. Qd8+ Kh7 35. Qxg5 d4 36. Qf4 1-0

[Event "European Championship (blitz) 2015"]
[Site "Minsk BLR"]
[Date "2015.12.18"]
[Round "10"]
[White "Ragger, Markus"]
[Black "Petrosian, Tigran L"]
[Result "1-0"]
[WhiteElo "2687"]
[BlackElo "2625"]
[PlyCount "147"]
[EventDate "2015.12.18"]

1. d4 d6 2. g3 g6 3. Bg2 Bg7 4. Nf3 Nf6 5. O-O O-O 6. a4 a5 7. Nc3 c6 8. e4 Qc7
9. Bf4 Nh5 10. Be3 Na6 11. Qd2 Nb4 12. Rfe1 Nf6 13. Rad1 Ng4 14. Bg5 h6 15. Bf4
e5 16. dxe5 dxe5 17. Be3 Nxe3 18. Rxe3 Be6 19. Ree1 Rfd8 20. Qe2 Qb6 21. Nb1
Qc5 22. Na3 Na6 23. Rxd8+ Rxd8 24. Rd1 Rxd1+ 25. Qxd1 Qe7 26. c3 Nc5 27. Nd2
Qd8 28. Bf3 h5 29. Ndc4 Qc7 30. b4 axb4 31. cxb4 Na6 32. Qd6 Qc8 33. Nb6 Qe8
34. b5 Bf8 35. Qxe5 Bxa3 36. bxa6 bxa6 37. Be2 Qd8 38. Nc4 Bf8 39. Kg2 Bg7 40.
Qd6 Qc8 41. Nb6 Bh3+ 42. Kg1 Qe8 43. f3 c5 44. Qxc5 Qd8 45. Nd5 Qb8 46. Kf2 Qb2
47. Qc4 Bd4+ 48. Ke1 Qa1+ 49. Kd2 Be6 50. Qb3 Qg1 51. Qd3 Bg7 52. Qxa6 Qxh2 53.
Qd6 h4 54. Qd8+ Bf8 55. Qxh4 Qg1 56. Nf6+ Kg7 57. e5 Bb4+ 58. Qxb4 Qxg3 59. Qe4
Qg5+ 60. f4 Qg1 61. Qe3 Qa1 62. Qe4 Bf5 63. Qc4 Be6 64. Qb4 Qa2+ 65. Ke3 Qa1
66. Kf2 g5 67. Nh5+ Kh6 68. fxg5+ Kg6 69. Qe4+ Bf5 70. Qc6+ Be6 71. Nf4+ Kf5
72. Nxe6 fxe6 73. Qf3+ Kxg5 74. Qf6# 1-0

[Event "European Championship (blitz) 2015"]
[Site "Minsk BLR"]
[Date "2015.12.18"]
[Round "11"]
[White "Guseinov, Gadir"]
[Black "Petrosian, Tigran L"]
[Result "0-1"]
[WhiteElo "2646"]
[BlackElo "2625"]
[PlyCount "112"]
[EventDate "2015.12.18"]

1. e4 d6 2. d4 g6 3. Nc3 Bg7 4. Nf3 a6 5. a4 Nf6 6. Be2 O-O 7. O-O b6 8. Re1
Bb7 9. e5 dxe5 10. Nxe5 e6 11. Bf3 Nd5 12. Ne4 Nc6 13. Nxc6 Bxc6 14. Bg5 f6 15.
Bd2 Qd7 16. Qe2 a5 17. b3 Rfe8 18. Rad1 Rad8 19. c4 Ne7 20. Bc3 Nf5 21. Qb2 Nh4
22. d5 Nxf3+ 23. gxf3 exd5 24. Bxf6 Rf8 25. Bxg7 Qxg7 26. Qxg7+ Kxg7 27. Ng5
Bd7 28. Rxd5 Bf5 29. Kg2 Rde8 30. Ne4 Re7 31. Re3 Rfe8 32. Rd1 h6 33. Rde1 Kf7
34. h4 Re6 35. Kg3 Rd8 36. Nc3 Rd3 37. Rxd3 Rxe1 38. Rd2 Rg1+ 39. Kh2 Rc1 40.
Nd5 Rb1 41. Nxc7 Rxb3 42. Nd5 Ke6 43. Kg3 Ke5 44. Ne3 Be6 45. Nd5 Bf5 46. Ne3
Be6 47. f4+ Kf6 48. Kg2 Kf7 49. Rd6 Rb4 50. Kg3 Ke7 51. Rc6 Kd7 52. Rxe6 Kxe6
53. h5 gxh5 54. f5+ Kf7 55. Kf4 Rxa4 56. Ke5 Ra3 0-1

[Event "European Championship (blitz) 2015"]
[Site "Minsk BLR"]
[Date "2015.12.18"]
[Round "12"]
[White "Petrosian, Tigran L"]
[Black "Guseinov, Gadir"]
[Result "1-0"]
[WhiteElo "2625"]
[BlackElo "2646"]
[PlyCount "173"]
[EventDate "2015.12.18"]

1. Nf3 g6 2. g3 Bg7 3. Bg2 d6 4. O-O e5 5. d4 Nd7 6. dxe5 dxe5 7. e4 Ngf6 8.
Qe2 O-O 9. b3 b6 10. Rd1 Qe7 11. a4 a5 12. Ba3 Nc5 13. Nc3 Ba6 14. Qe3 Rad8 15.
h3 h6 16. Rxd8 Rxd8 17. Rd1 Rxd1+ 18. Nxd1 Bf8 19. Bxc5 bxc5 20. c4 Bb7 21. Nc3
Qd6 22. Kf1 Nd7 23. Qd2 Nb8 24. Nb5 Qxd2 25. Nxd2 Bd6 26. f4 Nc6 27. f5 Nd4 28.
g4 Kf8 29. Kf2 Ke7 30. Bf1 Kd7 31. Nxd6 cxd6 32. h4 Ke7 33. Bd3 Bc8 34. Kg3 Kf6
35. Kf2 Kg7 36. Kg3 Bd7 37. fxg6 fxg6 38. g5 h5 39. Kf2 Bg4 40. Ke1 Ne6 41. Bf1
Kf7 42. Nb1 Nd4 43. Nd2 Ke7 44. Bd3 Ne6 45. Bf1 Kd7 46. Nb1 Kd8 47. Nd2 Nf4 48.
Nb1 Bf3 49. Nc3 Ne6 50. Be2 Nd4 51. Bxf3 Nxf3+ 52. Kf2 Nd4 53. Nb5 Nxb3 54.
Nxd6 Ke7 55. Nc8+ Kd7 56. Nb6+ Kc6 57. Nd5 Nd2 58. Ne7+ Kd7 59. Nxg6 Ke6 60.
Nf8+ Ke7 61. Ng6+ Ke6 62. Nf8+ Ke7 63. Nh7 Nxe4+ 64. Ke3 Ng3 65. Nf6 Nf5+ 66.
Ke4 Nxh4 67. Nxh5 Ng6 68. Kf5 Kf7 69. Ng3 Nf4 70. Ne4 Nd3 71. g6+ Kg7 72. Ng5
e4 73. Nxe4 Nb2 74. Nxc5 Nxc4 75. Ne6+ Kg8 76. Kf6 Nb6 77. Nc5 Nd5+ 78. Ke5 Nb6
79. Kf6 Nd5+ 80. Kg5 Nb6 81. Kh6 Nd5 82. Nd7 Kh8 83. Ne5 Kg8 84. Nc6 Kh8 85.
Nxa5 Nb6 86. Nc6 Nxa4 87. Ne7 1-0

[Event "European Championship (blitz) 2015"]
[Site "Minsk BLR"]
[Date "2015.12.18"]
[Round "13"]
[White "Petrosian, Tigran L"]
[Black "Zhigalko, Sergei"]
[Result "0-1"]
[WhiteElo "2625"]
[BlackElo "2655"]
[PlyCount "53"]
[EventDate "2015.12.18"]

1. Nf3 d5 2. g3 c6 3. Bg2 Bg4 4. h3 Bxf3 5. Bxf3 e5 6. c4 dxc4 7. Qc2 Qd4 8.
O-O Nf6 9. Nc3 Na6 10. b3 cxb3 11. Qxb3 Nc5 12. Qc2 Be7 13. Rb1 Qd7 14. Bg2 O-O
15. Rd1 Rfd8 16. Bb2 h6 17. Ba1 Rac8 18. d3 b5 19. Rbc1 a5 20. Nb1 Qe6 21. Nd2
a4 22. Bc3 Nd5 23. Ba5 Re8 24. Ne4 Nxe4 25. Bxe4 Qxh3 26. d4 Qh5 27. Bf3 0-1

[Event "European Championship (blitz) 2015"]
[Site "Minsk BLR"]
[Date "2015.12.18"]
[Round "14"]
[White "Zhigalko, Sergei"]
[Black "Petrosian, Tigran L"]
[Result "1-0"]
[WhiteElo "2655"]
[BlackElo "2625"]
[PlyCount "81"]
[EventDate "2015.12.18"]

1. e4 d6 2. d4 g6 3. Nc3 Bg7 4. Nf3 a6 5. Be3 b5 6. a4 b4 7. Ne2 Bb7 8. Ng3 Nf6
9. Bd3 Nbd7 10. c3 c5 11. O-O O-O 12. h3 Qa5 13. Bd2 bxc3 14. bxc3 Qc7 15. Re1
e5 16. dxe5 dxe5 17. Qe2 Rfc8 18. Be3 c4 19. Bc2 a5 20. Red1 Ba6 21. Rab1 Nc5
22. Bxc5 Qxc5 23. Nf1 Rd8 24. Ne3 Bh6 25. Nd5 Nxd5 26. exd5 Bg7 27. Ng5 Qe7 28.
Ne4 Rac8 29. Rb6 Qa7 30. Rc6 Rb8 31. d6 Rbc8 32. Rxc8 Bxc8 33. Qxc4 Be6 34. Qc5
Qa8 35. Qb6 Bf8 36. Nc5 Bc4 37. Be4 Qc8 38. d7 Qxc5 39. Qxd8 Be2 40. Re1 Bc4
41. Qc8 1-0

[Event "European Championship (blitz) 2015"]
[Site "Minsk BLR"]
[Date "2015.12.18"]
[Round "15"]
[White "Milov, Vadim"]
[Black "Petrosian, Tigran L"]
[Result "0-1"]
[WhiteElo "2615"]
[BlackElo "2625"]
[PlyCount "102"]
[EventDate "2015.12.18"]

1. d4 d6 2. Nf3 g6 3. e4 Nf6 4. Nc3 Bg7 5. Be2 a6 6. O-O O-O 7. a4 b6 8. Re1
Bb7 9. Bf1 e6 10. h3 Nbd7 11. Bf4 Qe7 12. Bh2 e5 13. dxe5 dxe5 14. Bc4 c6 15.
Qe2 b5 16. Bb3 Nh5 17. Rad1 Nc5 18. Qe3 Rad8 19. axb5 axb5 20. Ba2 h6 21. Nd2
Bc8 22. Nb3 Ne6 23. Ne2 Nhf4 24. c3 Qg5 25. Bg3 Nxe2+ 26. Qxe2 Nf4 27. Qf3 h5
28. Na5 Qf6 29. Bxf4 exf4 30. e5 Rxd1 31. Qxd1 Qg5 32. Qf3 Bxe5 33. Nxc6 Bf6
34. Rd1 Re8 35. Bb3 Bf5 36. Nd4 Be4 37. Re1 Bxf3 38. Rxe8+ Kg7 39. Nxf3 Qf5 40.
Re2 g5 41. Bc2 Qd5 42. Rd2 Qe6 43. Kf1 Qc4+ 44. Bd3 Qa4 45. Ne1 g4 46. Be2 f3
47. gxf3 Qf4 48. Rd5 Qh2 49. Bxb5 gxf3 50. Nxf3 Qxh3+ 51. Ke1 Qe6+ 0-1

[Event "European Championship (blitz) 2015"]
[Site "Minsk BLR"]
[Date "2015.12.18"]
[Round "16"]
[White "Petrosian, Tigran L"]
[Black "Milov, Vadim"]
[Result "1-0"]
[WhiteElo "2625"]
[BlackElo "2615"]
[PlyCount "113"]
[EventDate "2015.12.18"]

1. Nf3 d5 2. g3 c6 3. Bg2 Bf5 4. d3 e6 5. Nh4 Bg4 6. h3 Bh5 7. O-O Nd7 8. Nd2
Be7 9. Nhf3 Ngf6 10. b3 a5 11. a3 h6 12. Bb2 O-O 13. e4 Qb6 14. Rb1 Rfd8 15.
Qe1 Nc5 16. Ne5 Ncd7 17. Nxd7 Rxd7 18. Kh2 dxe4 19. Nc4 Qa6 20. dxe4 Rad8 21.
g4 Bg6 22. f4 Bh7 23. Rf2 Bc5 24. Re2 Bd4 25. Qxa5 Bxb2 26. Qxa6 bxa6 27. Rxb2
Rd4 28. c3 Rd3 29. Rbc2 c5 30. Ne5 Rd1 31. f5 Ne8 32. b4 Rc8 33. Red2 Ra1 34.
Ra2 Rxa2 35. Rxa2 Nd6 36. a4 f6 37. Nd3 cxb4 38. cxb4 Kf8 39. Nc5 Bg8 40. Rd2
Ke7 41. Nxa6 Rc4 42. Nb8 Bf7 43. a5 Be8 44. a6 Nb5 45. e5 fxe5 46. fxe6 Rxb4
47. Bc6 Na7 48. Bxe8 Kxe8 49. Rd7 Rxb8 50. Rxa7 Rb6 51. Rxg7 Rxa6 52. Rg6 Ke7
53. Rxh6 Ra3 54. g5 e4 55. Rh4 Re3 56. g6 Kxe6 57. Rg4 1-0